Pivot Table Data Crunching / (Record no. 36947)

MARC details
000 -LEADER
fixed length control field 00439nam a22001697a 4500
005 - DATE AND TIME OF LATEST TRANSACTION
control field 20250630094753.0
008 - FIXED-LENGTH DATA ELEMENTS--GENERAL INFORMATION
fixed length control field 250630b |||||||| |||| 00| 0 eng d
020 ## - INTERNATIONAL STANDARD BOOK NUMBER
ISBN 978-0789734358
082 ## - DEWEY DECIMAL CLASSIFICATION NUMBER
Classification number 005.8
Item number JEL-P
100 ## - MAIN ENTRY--AUTHOR
Author Name Jelen, Bill
245 ## - TITLE STATEMENT
Title Pivot Table Data Crunching /
Statement of responsibility, etc. Mike Lxander
260 ## - PUBLICATION, DISTRIBUTION, ETC.
Place of Publication USA:
Name of publisher, distributor, etc. QUE Publisher;
Date of publication, distribution, etc. 2005.
300 ## - PHYSICAL DESCRIPTION
Pages xiv, 370 p. :
650 ## - SUBJECT ADDED ENTRY--TOPICAL TERM
Subject / Department Datascience
300 ## - PHYSICAL DESCRIPTION
-- ill;
-- 24 cm.
952 ## - LOCATION AND ITEM INFORMATION (KOHA)
-- 0
-- 0
952 ## - LOCATION AND ITEM INFORMATION (KOHA)
-- 0
-- 0
952 ## - LOCATION AND ITEM INFORMATION (KOHA)
-- 0
-- 0
952 ## - LOCATION AND ITEM INFORMATION (KOHA)
-- 0
-- 0
Holdings
Lost status Damaged status Collection code Permanent Location Current Location Shelving Location Date acquired Full Call Number Accession No./Barcode Date last seen Copy number item type Koha item type
    CS/IT Superior Information Resource Center (SIRC) Superior University- Gold Campus Superior Information Resource Center (SIRC) Superior University- Gold Campus Data Science 06/30/2025 005.8 JEL-P 2005 30241 06/30/2025 1 BOOK BOOK
    CS/IT Superior Information Resource Center (SIRC) Superior University- Gold Campus Superior Information Resource Center (SIRC) Superior University- Gold Campus Data Science 06/30/2025 005.8 JEL-P 2005 30242 06/30/2025 2 BOOK BOOK
    CS/IT Superior Information Resource Center (SIRC) Superior University- Gold Campus Superior Information Resource Center (SIRC) Superior University- Gold Campus Data Science 06/30/2025 005.8 JEL-P 2005 30243 06/30/2025 3 BOOK BOOK
    CS/IT Superior Information Resource Center (SIRC) Superior University- Gold Campus Superior Information Resource Center (SIRC) Superior University- Gold Campus Data Science 06/30/2025 005.8 JEL-P 2005 30244 06/30/2025 4 BOOK BOOK

Powered by Koha